Cities in King County Washington - Statistics

General Stats
  • This quiz has been taken 101 times
    98 since last reset
  • The average score is 17 of 36
Answer Stats
population Answer % Correct
725000 seattle
97%
1444444 bellevue
89%
101300 renton
82%
92411 kent
77%
64291 redmond
76%
88630 kirkland
74%
95171 federal way
73%
37487 issaquah
68%
26909 seatac
65%
70180 auburn
61%
53700 shoreline
60%
64548 sammamish
58%
50000 burien
56%
33505 bothell
53%
29673 des moines
50%
25261 mercer island
50%
13190 snoqualmie
47%
19107 tukwila
47%
2969 medina
45%
10938 woodinville
42%
7674 duvall
40%
6739 north bend
39%
20460 kenmore
37%
11681 new castle
37%
11609 enumclaw
34%
22684 maple valley
34%
1786 carnation
32%
17575 covington
29%
12598 lake forrest park
29%
4151 black diamond
26%
2984 clyde hill
23%
1993 fall city
21%
6335 normandy park
19%
3075 algona
18%
6606 pacific
13%
6968 milton
11%
No matching quizzes found
Score Distribution
Percent of People with Each Score
Percentile by Number Answered
Your Score History
You have not taken this quiz since the last reset